1235 1365 1484 1733 1440 1342 1055 1820 1759 1193 1409 1506 1864 1277 1039 1875 1196 1743 1555 1644 1239 1317 1434 1447 1817 1183 1230 1741 1349 1501 1013 1663 1614 1890 1882 1164 1520 1416 1617 1146 1502 1660 1019 1826 1418 1758 1702 1641 1827 1484 1064 1829 1129 1538 1107 1179 1014 1341 1239 1403 1494 1088 1582 1512 1259 1116 1645 1907 1189 1520 1128 1907 1538 1176 1415 1434 1740 1105 1251 1730 1614 1833 1791 1032 1183 1278 1250 1454 1432 1566 1210 1756 1523 1272 1479 1283 1848 1351 1856 BCNSPRNW ULIB Ver.6.0+V

เปลี่ยนเป็นภาษาไทย

Change to English
 แสดงรายละเอียดบรรณานุกรม
  กลับหน้าหลัก

Brief Record : Get Marc (ISO 2709) : E-mail record : QR code < ปิดหน้าต่าง
LEADER : 00000nam 2200000uu 4500
001    13399122142
003     ULIB
008    130104s2555||||th 000 0 tha d
020    ^a9789740328421
050  4 ^aBF139^bค237จ
100    ^aคัคนางค์ มณีศรี
245    ^aจิตวิทยาทั่วไป. =^bGeneral Psychology/^cคัคนางค์ มณีศรี
260    ^a^bคณะจิตวิทยา จุฬาลงกรณ์มหาวิทยาลัย,^c2555
300    ^a246 หน้า;^b26 ซม.
650  7 ^aจิตวิทยา
945    ^p220^l0^i19580
945    ^p220^l0^i19581
995    ^aกัณชพร
999    ^aกัณชพร
รายการนี้ยังไม่มีแท็ก
คุณยังไม่ได้ล็อกอิน คุณสามารถมีกิจกรรมร่วมกับเว็บไซต์ได้ แต่ต้องล็อกอินก่อน ::
  ล็อกอิน

รายการสื่อสารสนเทศ

ลำดับที่ ประเภท เลขเรียก/บาร์โค้ด สถานที่ สถานะ
1. วิทยาศาสตร์การแพทย์ และสุขภาพ
วิทยาศาสตร์การแพทย์ และสุขภาพ
BF139 ค237จ  
  Barcode: 19580
ห้องสมุดวิทยาเขตสวรรค์ประชารักษ์
►หนังสือทั่วไป
บนชั้น
2. วิทยาศาสตร์การแพทย์ และสุขภาพ
วิทยาศาสตร์การแพทย์ และสุขภาพ
BF139 ค237จ ฉ.2 
  Barcode: 19581
ห้องสมุดวิทยาเขตสวรรค์ประชารักษ์
►หนังสือทั่วไป
บนชั้น

รายการใกล้เคียง
    ผู้แต่ง [คัคนางค์ มณีศรี]

    หัวเรื่อง [จิตวิทยา]

BibComment


ยังไม่เคยถูกคอมเมนท์

คอมเมนท์ทรัพยากรรายการนี้
  คอมเมนท์: จิตวิทยาทั่วไป ..


 Copyright 2026. Bcnsprnw @Library